Crónica de los indios Guayaquis: lo que saben los áche, cazadores nomadas del Paraguay

Guardat en:
Dades bibliogràfiques
Autor principal: Clastres, Pierre (Autor)
Format: Llibre
Idioma:espanyol
Publicat: Barcelona Alta Fulla 1986
Col·lecció:Colección Altair, 2
Matèries:
Etiquetes: Afegir etiqueta
Sense etiquetes, Sigues el primer a etiquetar aquest registre!

MARC

LEADER 00000nam a2200000 a 4500
001 UCY5094
003 CL-VaPUC
008 950411e19860000SP |||||||||||||||||spa|d
082 0 4 |a 980.1  |b CLA  |2 21 
100 0 |a Clastres, Pierre  |e author  |9 333704 
245 1 0 |a Crónica de los indios Guayaquis: lo que saben los áche, cazadores nomadas del Paraguay 
300 |a 251 p 
942 |c BK 
945 |d 19950411 00:00:00  |a oaravena 
260 |a Barcelona  |b Alta Fulla  |c 1986 
650 7 |a COSTUMBRES INDIGENAS  |2 CL-VaPUC  |9 268052 
650 0 |a Indios Guayaquis   |x Vida social y costumbres  |9 333705 
583 |a last modification  |c 19950411 00:00:00  |k Rodrigo Vera 
490 0 |a Colección Altair, 2 
999 |c 232817  |d 232815 
952 |0 0  |1 0  |4 0  |6 980_100000000000000_CLA_1986  |7 0  |8 P  |9 237720  |a BIBARQ  |b BIBARQ  |d 2019-11-15  |i 3074536  |l 2  |m 2  |o 980.1 CLA 1986  |p 3074536  |r 2025-01-20  |s 2023-07-24  |w 2019-11-15  |y BK  |k ARQ